Inflacija i valutnyj krizis v Anglii

Na minha lista:
Detalhes bibliográficos
Formato: Livro
Idioma:russo
Publicado em: Moskva Gosfinizdat 1949
Tags: Adicionar Tag
Sem tags, seja o primeiro a adicionar uma tag!

MARC

LEADER 00000nam a2200000 4500
001 0307590
005 20250311130311.8
041 0 |a rus 
044 |a RU 
245 1 0 |a Inflacija i valutnyj krizis v Anglii  |c Z. V. Atlas 
264 1 |a Moskva  |b Gosfinizdat  |c 1949